000 00723nam a2200253Ia 4500
003 OSt
005 20220927110353.0
006 a|||||r|||| 00| 0
007 ta
008 220926b |||||||| |||| 00| 0 eng d
024 _a60976
037 _cReports
040 _aRTL
_cRTL
_beng
041 _2eng
_aeng
082 _a"X621:732.2.N7t, L7/GD"
110 _aReserve Bank Of India
245 0 _aReport of the second working group
_b Money supply
260 _aBombay
_bReserve Bank of India India
_c1977
300 _a90p.
_ccm.
650 _aCentral Bank
_9376959
700 _aReserve Bank Of India
942 _h"X621:732.2.N7t, L7/GD"
_cCC
999 _c695951
_d695951